[Event "CCT Play-in Chessable Masters 2024"]
[Site "Online"]
[Date "2024.01.31"]
[Round "4"]
[White "Mendonca, Leon Luke"]
[Black "TomsKantans"]
[Result "1-0"]
[WhiteElo "2608"]
[BlackElo "2405"]
[Annotator "RC"]
[PlyCount "119"]
[EventDate "2024.01.26"]
[EventType "swiss"]
[EventCountry "NET"]
[SourceTitle "playchess.com"]
[Source "ChessBase"]
[SourceQuality "1"]

1. Nf3 c5 2. a3 Nf6 3. b4 b6 4. Bb2 Bb7 5. e3 g6 6. bxc5 bxc5 7. Bxf6 exf6 8. c4 Bg7 9. Nc3 O-O 10. Be2 f5 11. Rb1 Bc6 12. Rb3 Na6 13. O-O Rb8 14. Nb5 Qa5 15. Qc2 Nc7 16. Rfb1 Ne6 17. Ne1 d5 18. Bf3 dxc4 19. Qxc4 Bxb5 20. Rxb5 Rxb5 21. Rxb5 Qxd2 22. Rb1 Rd8 23. Be2 Bf6 24. Nf3 Qa5 25. a4 Rd6 26. Rb5 Qd8 27. g3 Rb6 28. Qb3 Kg7 29. h4 Qd6 30. a5 Rxb5 31. Bxb5 Qc7 32. a6 Qb6 33. Qa4 Nc7 34. Bc4 Qb4 35. Qa2 Nb5 36. Bxf7 Nd6 37. Bd5 c4 38. Kg2 Qb5 39. Ba8 c3 40. Ne1 Nc4 41. Qe2 Qc5 42. Qd3 Ne5 43. Qb1 Bd8 44. Qb3 Bb6 45. Qe6 Qc7 46. Bd5 Kh6 47. Qf6 Ng4 48. Qf8+ Qg7 49. Qa8 Qc7 50. Nc2 Nf6 51. Bb3 Kg7 52. Ne1 Ne4 53. Qg8+ Kh6 54. Qf8+ Qg7 55. Qe8 Nd6 56. Qe6 Ne4 57. Nd3 Qf6 58. Qc4 Qe7 59. Nf4 Bc7 60. Nd5 1-0

[Event "CCT Play-in Chessable Masters 2024"]
[Site "Online"]
[Date "2024.01.31"]
[Round "4"]
[White "AvitalBor"]
[Black "So, Wesley"]
[Result "0-1"]
[WhiteElo "2604"]
[BlackElo "2757"]
[Annotator "TA"]
[PlyCount "118"]
[EventDate "2024.01.26"]
[EventType "swiss"]
[EventCountry "NET"]
[SourceTitle "playchess.com"]
[Source "ChessBase"]
[SourceQuality "1"]

1. e4 e5 2. Nf3 Nc6 3. Bb5 a6 4. Ba4 Nf6 5. O-O d6 6. c3 Bd7 7. d4 b5 8. Bc2 g6 9. h3 Bg7 10. Re1 O-O 11. Nbd2 Re8 12. Nf1 h6 13. Ng3 Na5 14. b3 exd4 15. cxd4 c5 16. e5 dxe5 17. dxe5 Nh7 18. Ne4 Nc6 19. Nxc5 Nxe5 20. Nxe5 Rxe5 21. Rxe5 Bxe5 22. Rb1 Bf5 23. Qe2 Bxc2 24. Qxc2 Bg7 25. Be3 Nf6 26. Rd1 Qc7 27. Qd2 Bf8 28. b4 a5 29. a3 axb4 30. axb4 h5 31. Bd4 Rd8 32. Qe2 Qf4 33. g3 Qf5 34. Bxf6 Rxd1+ 35. Qxd1 Qxf6 36. Qd7 h4 37. gxh4 Qxh4 38. Qxb5 Qxh3 39. Qc4 Bd6 40. Ne4 Bh2+ 41. Kh1 Be5+ 42. Kg1 Qg4+ 43. Kf1 Kg7 44. Qd5 Qh3+ 45. Ke2 Qh5+ 46. Kf1 Qh3+ 47. Ke2 Qg4+ 48. Kf1 Qf4 49. b5 Kh6 50. Nc5 Bc7 51. Nd3 Qf6 52. Qh1+ Kg7 53. Qc6 Qd8 54. Ke2 Bb6 55. Qe4 Kg8 56. Ne5 Qe7 57. f4 Kg7 58. Kf3 Qc5 59. Qc4 Qe3+ 0-1

[Event "CCT Play-in Chessable Masters 2024"]
[Site "Online"]
[Date "2024.01.31"]
[Round "4"]
[White "Rakhmanov_Aleksandr"]
[Black "Salinas Herrera, Pablo"]
[Result "1-0"]
[WhiteElo "2604"]
[BlackElo "2477"]
[Annotator "RC"]
[PlyCount "75"]
[EventDate "2024.01.26"]
[EventType "swiss"]
[EventCountry "NET"]
[SourceTitle "playchess.com"]
[Source "ChessBase"]
[SourceQuality "1"]

1. c4 e6 2. Nc3 d5 3. d4 Nf6 4. cxd5 exd5 5. Bg5 c6 6. e3 h6 7. Bh4 Bd6 8. Bd3 O-O 9. Nge2 Re8 10. Qc2 a5 11. h3 Na6 12. a3 Nc7 13. Rb1 Ne6 14. O-O Ng5 15. Bf5 Bxf5 16. Qxf5 g6 17. Qc2 Qd7 18. Kh1 Re6 19. f4 Rxe3 20. f5 Kg7 21. Nf4 Bxf4 22. Rxf4 Nh5 23. Rf2 Rae8 24. Rbf1 Ne4 25. Nxe4 R8xe4 26. fxg6 fxg6 27. Bf6+ Nxf6 28. Rxf6 Re1 29. Rxg6+ Kxg6 30. Rxe1 Qf5 31. Qd1 Qf4 32. Rf1 Qg3 33. Qd2 Qe3 34. Qxa5 Rxd4 35. Qc7 Qe6 36. Qxb7 Re4 37. Rf3 Qd6 38. Qf7+ 1-0

[Event "CCT Play-in Chessable Masters 2024"]
[Site "Online"]
[Date "2024.01.31"]
[Round "4"]
[White "Micki-taryan"]
[Black "LevonAronian"]
[Result "1-0"]
[WhiteElo "2602"]
[BlackElo "2717"]
[Annotator "TA"]
[PlyCount "61"]
[EventDate "2024.01.26"]
[EventType "swiss"]
[EventCountry "NET"]
[SourceTitle "playchess.com"]
[Source "ChessBase"]
[SourceQuality "1"]

1. d4 Nf6 2. c4 e6 3. Nf3 d5 4. Nc3 Bb4 5. Bg5 dxc4 6. e4 c5 7. Bxc4 cxd4 8. Nxd4 Qa5 9. Bd2 Qc5 10. Bb5+ Bd7 11. Nb3 Qc7 12. Bd3 O-O 13. O-O Nc6 14. Rc1 Rfd8 15. Qe2 Be8 16. f4 e5 17. Kh1 Qe7 18. Nd5 Nxd5 19. exd5 Bxd2 20. Nxd2 Nb4 21. Bc4 Nxd5 22. fxe5 Bc6 23. Rce1 Rd7 24. Nb3 Re8 25. Nd4 Qg5 26. Qf2 h6 27. e6 fxe6 28. Rxe6 Rde7 29. h4 Qh5 30. Rxe7 Rxe7 31. Nxc6 1-0

[Event "CCT Play-in Chessable Masters 2024"]
[Site "Online"]
[Date "2024.01.31"]
[Round "4"]
[White "Fandorine"]
[Black "Tabatabaei, M. Amin"]
[Result "1-0"]
[WhiteElo "2600"]
[BlackElo "2696"]
[Annotator "RC"]
[PlyCount "79"]
[EventDate "2024.01.26"]
[EventType "swiss"]
[EventCountry "NET"]
[SourceTitle "playchess.com"]
[Source "ChessBase"]
[SourceQuality "1"]

1. e4 c5 2. Nf3 d6 3. d4 cxd4 4. Nxd4 Nf6 5. Nc3 a6 6. g3 e5 7. Nb3 Be7 8. Bg2 h5 9. h3 b5 10. O-O Bb7 11. a4 b4 12. Nd5 Nxd5 13. exd5 h4 14. a5 hxg3 15. fxg3 Bc8 16. Qf3 O-O 17. Ra4 Nd7 18. Rxb4 f5 19. Be3 Nf6 20. Qe2 Ne4 21. Bxe4 fxe4 22. Rxf8+ Qxf8 23. g4 Qf7 24. c4 Bd8 25. Kg2 Qg6 26. Bb6 Bg5 27. c5 e3 28. c6 Rb8 29. Rc4 Bf4 30. Nc1 Bf5 31. c7 Rc8 32. Qf3 Bd3 33. Nxd3 Qxd3 34. Rc6 Kh7 35. g5 Bxg5 36. Rxd6 Qd2+ 37. Kg3 Bf4+ 38. Kg4 Qc2 39. Rc6 Qd3 40. Bxe3 1-0

[Event "CCT Play-in Chessable Masters 2024"]
[Site "Online"]
[Date "2024.01.31"]
[Round "4"]
[White "Iturrizaga Bonelli, Eduardo"]
[Black "Smirnov, Pavel"]
[Result "1/2-1/2"]
[WhiteElo "2600"]
[BlackElo "2526"]
[Annotator "RC"]
[PlyCount "60"]
[EventDate "2024.01.26"]
[EventType "swiss"]
[EventCountry "NET"]
[SourceTitle "playchess.com"]
[Source "ChessBase"]
[SourceQuality "1"]

1. c4 e6 2. Nf3 Nf6 3. g3 d5 4. Bg2 Be7 5. O-O O-O 6. d4 dxc4 7. Qc2 b5 8. a4 Bb7 9. axb5 a6 10. bxa6 Nxa6 11. Qxc4 Bd5 12. Qd3 Nb4 13. Rxa8 Qxa8 14. Qd1 Na2 15. Nc3 Nxc3 16. bxc3 c5 17. Bg5 h6 18. Bxf6 Bxf6 19. Qa1 Qxa1 20. Rxa1 Bxf3 21. Bxf3 cxd4 22. cxd4 Bxd4 23. Ra8 Rxa8 24. Bxa8 g6 25. e3 Bc5 26. Bf3 Kg7 27. Kg2 h5 28. h4 Kf6 29. Bc6 Kg7 30. Kf3 Kf6 1/2-1/2

[Event "CCT Play-in Chessable Masters 2024"]
[Site "Online"]
[Date "2024.01.31"]
[Round "4"]
[White "rasmussvane"]
[Black "Lodici, Lorenzo"]
[Result "1/2-1/2"]
[WhiteElo "2597"]
[BlackElo "2548"]
[Annotator "RC"]
[PlyCount "110"]
[EventDate "2024.01.26"]
[EventType "swiss"]
[EventCountry "NET"]
[SourceTitle "playchess.com"]
[Source "ChessBase"]
[SourceQuality "1"]

1. Nf3 d5 2. g3 Nc6 3. d4 Bg4 4. Bg2 Qd7 5. h3 Bf5 6. a3 f6 7. b4 a5 8. b5 Na7 9. a4 Nc8 10. c4 e6 11. O-O Bb4 12. Qb3 Nd6 13. cxd5 exd5 14. Bf4 Ne7 15. Rc1 Rc8 16. h4 Ne4 17. Nfd2 Ng6 18. Nxe4 Nxf4 19. gxf4 Bxe4 20. Qg3 O-O 21. Nc3 Bxg2 22. Qxg2 c6 23. bxc6 bxc6 24. e3 Rb8 25. Rc2 Be7 26. Ne2 Rb4 27. f5 Rfb8 28. Rac1 Rb1 29. Nf4 Ba3 30. Rxb1 Rxb1+ 31. Kh2 Bd6 32. Qg4 Qe8 33. Qf3 Qd7 34. Kg2 Qxf5 35. Rxc6 Bxf4 36. exf4 Rb4 37. Qe2 Qe4+ 38. Qxe4 dxe4 39. d5 Rxa4 40. Ra6 h5 41. f5 Kh7 42. Kg3 Rd4 43. d6 a4 44. Kf4 e3+ 45. Kxe3 Rd1 46. Ke2 Rd5 47. Ke3 a3 48. Ke4 Rd1 49. Rxa3 Rxd6 50. f3 Rb6 51. Kf4 Rb4+ 52. Kg3 Rb5 53. Kf4 Rb4+ 54. Kg3 Rb5 55. Kf4 Rb4+ 1/2-1/2

[Event "CCT Play-in Chessable Masters 2024"]
[Site "Online"]
[Date "2024.01.31"]
[Round "4"]
[White "Vaibhav, Suri"]
[Black "Warmerdam, Max"]
[Result "1-0"]
[WhiteElo "2596"]
[BlackElo "2625"]
[Annotator "RC"]
[PlyCount "79"]
[EventDate "2024.01.26"]
[EventType "swiss"]
[EventCountry "NET"]
[SourceTitle "playchess.com"]
[Source "ChessBase"]
[SourceQuality "1"]

1. e4 e5 2. Nf3 Nc6 3. Bb5 a6 4. Ba4 Nf6 5. O-O Be7 6. Re1 b5 7. Bb3 d6 8. c3 O-O 9. h3 Bb7 10. d3 Na5 11. Bc2 c5 12. Nbd2 Re8 13. Nf1 h6 14. Ng3 Bf8 15. Nh2 d5 16. Ng4 d4 17. cxd4 cxd4 18. Bd2 Nxg4 19. Qxg4 Bc8 20. Nf5 g6 21. b4 Nc6 22. Bb3 Qf6 23. Rac1 Ra7 24. Qg3 Kh7 25. Nh4 Nxb4 26. Rf1 g5 27. Nf3 Be6 28. Nxe5 Bd6 29. f4 gxf4 30. Bxf4 Qg7 31. Bxe6 Rxe6 32. Ng4 Bxf4 33. Rxf4 Nxa2 34. Rcf1 Nc3 35. Qf3 b4 36. e5 Rg6 37. Rxd4 b3 38. Nf6+ Rxf6 39. exf6 Qg5 40. Rg4 1-0

[Event "CCT Play-in Chessable Masters 2024"]
[Site "Online"]
[Date "2024.01.31"]
[Round "4"]
[White "Indjic, Aleksandar"]
[Black "messiboca"]
[Result "1-0"]
[WhiteElo "2595"]
[BlackElo "2548"]
[Annotator "RC"]
[PlyCount "97"]
[EventDate "2024.01.26"]
[EventType "swiss"]
[EventCountry "NET"]
[SourceTitle "playchess.com"]
[Source "ChessBase"]
[SourceQuality "1"]

1. d4 Nf6 2. c4 e6 3. Nc3 d5 4. Nf3 dxc4 5. Qa4+ Nc6 6. a3 a6 7. Qxc4 b5 8. Qd3 b4 9. Na4 Qd5 10. e3 Bd7 11. Qd1 e5 12. Be2 exd4 13. exd4 Bd6 14. O-O O-O 15. axb4 Nxb4 16. Nc3 Qf5 17. Ne5 Bxe5 18. dxe5 Qxe5 19. Be3 c5 20. Ra5 Rac8 21. h3 Rfd8 22. Qb3 Be6 23. Qxb4 Qxe3 24. Qa3 Qe5 25. Bxa6 Rb8 26. Rxc5 Qd6 27. b4 Ra8 28. Rd1 Qf4 29. Rxd8+ Rxd8 30. Bf1 h5 31. Ne2 Qd2 32. Qc1 Qxb4 33. Rg5 Rd2 34. Rc5 g6 35. Rc3 Ne4 36. Re3 Nf6 37. Nf4 Bf5 38. Bd3 Bxd3 39. Nxd3 Qa5 40. Ne5 Ra2 41. Qc8+ Kg7 42. Nxg6 Ra1+ 43. Kh2 fxg6 44. Re7+ Kh6 45. Qf8+ Kg5 46. h4+ Kf5 47. Qc8+ Kf4 48. Qc4+ Kf5 49. Qd3+ 1-0

[Event "CCT Play-in Chessable Masters 2024"]
[Site "Online"]
[Date "2024.01.31"]
[Round "4"]
[White "Yoo, Christopher Woojin"]
[Black "Yu, Yangyi"]
[Result "1/2-1/2"]
[WhiteElo "2595"]
[BlackElo "2720"]
[Annotator "TA"]
[PlyCount "62"]
[EventDate "2024.01.26"]
[EventType "swiss"]
[EventCountry "NET"]
[SourceTitle "playchess.com"]
[Source "ChessBase"]
[SourceQuality "1"]

1. d4 Nf6 2. Nf3 d5 3. c4 e6 4. g3 Be7 5. Bg2 O-O 6. O-O c6 7. Qc2 b6 8. Bf4 Bb7 9. Nbd2 Nh5 10. Bxb8 Rxb8 11. Ne5 Nf6 12. Rfd1 h6 13. Rac1 c5 14. cxd5 exd5 15. dxc5 bxc5 16. e4 Qc7 17. f4 dxe4 18. Nxe4 Bxe4 19. Bxe4 c4 20. Qxc4 Qxc4 21. Rxc4 Rxb2 22. Rc2 Rfb8 23. Rxb2 Rxb2 24. Rb1 Bc5+ 25. Kh1 Bd4 26. Nc4 Rxb1+ 27. Bxb1 Nd5 28. Bc2 Ne3 29. Nxe3 Bxe3 30. Kg2 Kf8 31. Kf3 Bb6 1/2-1/2

[Event "CCT Play-in Chessable Masters 2024"]
[Site "Online"]
[Date "2024.01.31"]
[Round "4"]
[White "Lupulescu, Constantin"]
[Black "Nasuta, Grzegorz"]
[Result "1-0"]
[WhiteElo "2589"]
[BlackElo "2563"]
[Annotator "RC"]
[PlyCount "73"]
[EventDate "2024.01.26"]
[EventType "swiss"]
[EventCountry "NET"]
[SourceTitle "playchess.com"]
[Source "ChessBase"]
[SourceQuality "1"]

1. d4 d5 2. c4 c6 3. Nf3 Nf6 4. e3 Bf5 5. Nc3 e6 6. Nh4 Be4 7. f3 Bg6 8. Bd2 Be7 9. Nxg6 hxg6 10. Qc2 Nbd7 11. O-O-O a6 12. c5 b6 13. cxb6 Qxb6 14. Na4 Qb7 15. Kb1 O-O 16. g4 Rfc8 17. g5 Nh7 18. h4 c5 19. Bc3 c4 20. f4 Nhf8 21. h5 gxh5 22. Rxh5 f5 23. gxf6 Nxf6 24. Rh3 Ne4 25. Bg2 Nxc3+ 26. Nxc3 Rab8 27. e4 Ba3 28. Na4 Bxb2 29. Nxb2 Qc7 30. Ka1 dxe4 31. Bxe4 Qxf4 32. Rhh1 c3 33. Na4 Rb2 34. Bh7+ Nxh7 35. Qxh7+ Kf7 36. Nxb2 cxb2+ 37. Kb1 1-0

[Event "CCT Play-in Chessable Masters 2024"]
[Site "Online"]
[Date "2024.01.31"]
[Round "4"]
[White "Lysyj, Igor"]
[Black "Grischuk, Alexander"]
[Result "1/2-1/2"]
[WhiteElo "2589"]
[BlackElo "2732"]
[Annotator "RC"]
[PlyCount "38"]
[EventDate "2024.01.26"]
[EventType "swiss"]
[EventCountry "NET"]
[SourceTitle "playchess.com"]
[Source "ChessBase"]
[SourceQuality "1"]

1. d4 Nf6 2. c4 g6 3. Nc3 Bg7 4. e4 d6 5. Nf3 O-O 6. Be2 Nc6 7. d5 Nb4 8. Be3 Re8 9. O-O e6 10. a3 Na6 11. dxe6 Bxe6 12. b4 Bd7 13. Qc2 Qe7 14. Bg5 c6 15. c5 Qe6 16. Nd4 Qe5 17. Nf3 Qe6 18. Nd4 Qe5 19. Nf3 Qe6 1/2-1/2

[Event "CCT Play-in Chessable Masters 2024"]
[Site "Online"]
[Date "2024.01.31"]
[Round "4"]
[White "Aditya Mittal"]
[Black "Gabrielian, Artur"]
[Result "1/2-1/2"]
[WhiteElo "2588"]
[BlackElo "2442"]
[Annotator "RC"]
[PlyCount "103"]
[EventDate "2024.01.26"]
[EventType "swiss"]
[EventCountry "NET"]
[SourceTitle "playchess.com"]
[Source "ChessBase"]
[SourceQuality "1"]

1. d4 Nf6 2. c4 g6 3. Nc3 Bg7 4. e4 d6 5. Be2 O-O 6. Be3 Na6 7. Nf3 Ng4 8. Bg5 h6 9. Bh4 c5 10. d5 Nc7 11. Nd2 Nf6 12. f4 b5 13. cxb5 a6 14. a4 Rb8 15. O-O axb5 16. axb5 Bd7 17. Qb3 c4 18. Bxc4 Nxb5 19. Nxb5 Bxb5 20. Bxb5 Qb6+ 21. Bf2 Qxb5 22. Qxb5 Rxb5 23. Bd4 Rc8 24. Rfc1 Rxc1+ 25. Rxc1 Nxe4 26. Rc8+ Kh7 27. Bxg7 Kxg7 28. Nxe4 Rxb2 29. Rc7 Kf8 30. g3 Re2 31. Rc4 f5 32. Nf2 Rd2 33. Kg2 Kf7 34. Kf3 Rxd5 35. Rc7 Ra5 36. Nd3 Ra3 37. Ke3 g5 38. Kd4 Kf6 39. Rc8 Ra4+ 40. Ke3 Ra3 41. Rf8+ Kg6 42. Kd4 Ra2 43. h4 gxh4 44. gxh4 Re2 45. h5+ Kxh5 46. Rxf5+ Kg4 47. Rf7 h5 48. Rg7+ Kf3 49. Rh7 Kg4 50. Rg7+ Kf3 51. Rh7 Kg4 52. Rg7+ 1/2-1/2

[Event "CCT Play-in Chessable Masters 2024"]
[Site "Online"]
[Date "2024.01.31"]
[Round "4"]
[White "Fridman, Daniel"]
[Black "Ohanyan, Emin"]
[Result "0-1"]
[WhiteElo "2588"]
[BlackElo "2456"]
[Annotator "RC"]
[PlyCount "92"]
[EventDate "2024.01.26"]
[EventType "swiss"]
[EventCountry "NET"]
[SourceTitle "playchess.com"]
[Source "ChessBase"]
[SourceQuality "1"]

1. Nf3 d5 2. g3 g6 3. Bg2 Bg7 4. d4 Nf6 5. c4 c6 6. cxd5 cxd5 7. Nc3 Ne4 8. O-O O-O 9. Ne5 Nxc3 10. bxc3 Nc6 11. Bf4 Nxe5 12. Bxe5 Bxe5 13. dxe5 Be6 14. Rb1 b6 15. Qd4 Rc8 16. Rb5 Rc4 17. Qd2 Qc7 18. Rb4 Qxe5 19. Rxc4 dxc4 20. f4 Qc5+ 21. Kh1 Rc8 22. Rd1 Kg7 23. e4 f6 24. h3 Bf7 25. Qd7 Rc7 26. Qd8 Rc8 27. Qd7 a5 28. Rb1 Be8 29. Qa7 Rd8 30. Qxb6 Qxb6 31. Rxb6 Rd3 32. Rb7 Kf7 33. e5 fxe5 34. fxe5 Ke6 35. Rc7 Rxc3 36. Rc5 Rc1+ 37. Kh2 Rc2 38. Kg1 Rxa2 39. Bd5+ Kxe5 40. Bxc4+ Kd4 41. Rc8 Ra1+ 42. Kf2 Bd7 43. Rc7 Bxh3 44. Bg8 e5 45. Rc4+ Kd3 46. Rc5 Rf1# 0-1

[Event "CCT Play-in Chessable Masters 2024"]
[Site "Online"]
[Date "2024.01.31"]
[Round "4"]
[White "Sereiaza"]
[Black "Budisavljevic, Luka"]
[Result "1-0"]
[WhiteElo "2587"]
[BlackElo "2475"]
[Annotator "RC"]
[PlyCount "68"]
[EventDate "2024.01.26"]
[EventType "swiss"]
[EventCountry "NET"]
[SourceTitle "playchess.com"]
[Source "ChessBase"]
[SourceQuality "1"]

1. e4 e6 2. d4 d5 3. Nd2 c5 4. Ngf3 cxd4 5. Nxd4 Nc6 6. Bb5 Bd7 7. Nxc6 bxc6 8. Bd3 Qc7 9. Qe2 Ne7 10. b3 Ng6 11. g3 Bb4 12. Bb2 O-O 13. a3 Be7 14. f4 dxe4 15. Nxe4 c5 16. h4 Rfc8 17. h5 Nf8 18. h6 g6 19. O-O-O a5 20. Bc4 a4 21. Qd3 axb3 22. Qc3 e5 23. Rxd7 Nxd7 24. fxe5 Qxe5 25. Qxe5 Nxe5 26. Bxe5 bxc2 27. Rf1 Rf8 28. Bg7 Rxa3 29. Nf6+ Bxf6 30. Rxf6 Ra4 31. Bxf8 Kxf8 32. Rxf7+ Ke8 33. Rxh7 Rxc4 34. Ra7 Rd4 1-0

[Event "CCT Play-in Chessable Masters 2024"]
[Site "Online"]
[Date "2024.01.31"]
[Round "4"]
[White "Bologan, Victor"]
[Black "Sattarov, Bobir"]
[Result "0-1"]
[WhiteElo "2585"]
[BlackElo "2351"]
[Annotator "RC"]
[PlyCount "88"]
[EventDate "2024.01.26"]
[EventType "swiss"]
[EventCountry "NET"]
[SourceTitle "playchess.com"]
[Source "ChessBase"]
[SourceQuality "1"]

1. e4 e5 2. Nf3 Nc6 3. Nc3 Nf6 4. Bb5 Bb4 5. O-O O-O 6. Bxc6 dxc6 7. d3 Nd7 8. h3 Re8 9. Kh1 Nf8 10. Ne2 Bd6 11. Nh2 Ng6 12. b3 Qh4 13. Be3 a5 14. a4 b6 15. Qd2 Qe7 16. f4 exf4 17. Nxf4 Bxf4 18. Bxf4 c5 19. Bg3 Be6 20. Rf2 Qd7 21. Raf1 Rad8 22. h4 h6 23. h5 Nf8 24. Be5 f6 25. Bxf6 gxf6 26. Rxf6 Qg7 27. Rxh6 Bf7 28. g4 Rxe4 29. Kg1 Re5 30. Rhf6 Bxh5 31. Qf4 Re6 32. Qc4 Bxg4 33. Nxg4 Rd4 34. Rxf8+ Kh7 35. Qxe6 Rxg4+ 36. Kf2 Rg2+ 37. Kf3 Qg3+ 38. Ke4 Re2+ 39. Kd5 Qg2+ 40. Qe4+ Rxe4 41. dxe4 Qd2+ 42. Ke5 Qd6+ 43. Kf5 Qxf8+ 44. Ke6 Qxf1 0-1

[Event "CCT Play-in Chessable Masters 2024"]
[Site "Online"]
[Date "2024.01.31"]
[Round "4"]
[White "vugarrasulov"]
[Black "Elsa167"]
[Result "1-0"]
[WhiteElo "2582"]
[BlackElo "2347"]
[Annotator "NA"]
[PlyCount "83"]
[EventDate "2024.01.26"]
[EventType "swiss"]
[EventCountry "NET"]
[SourceTitle "playchess.com"]
[Source "ChessBase"]
[SourceQuality "1"]

1. e4 e6 2. d4 d5 3. exd5 exd5 4. Nf3 Nf6 5. Bd3 Bd6 6. Qe2+ Be6 7. c4 O-O 8. c5 Be7 9. O-O Nc6 10. h3 a6 11. Nc3 Re8 12. a3 g6 13. Be3 Qc8 14. Rfe1 Bf5 15. b4 Bf8 16. Qc2 Bxd3 17. Qxd3 Bg7 18. Bg5 Qd7 19. Ne5 Qe6 20. Rad1 Ne4 21. Nxc6 Qxc6 22. Nxe4 dxe4 23. Qb3 Qd7 24. d5 Qf5 25. Be3 Rad8 26. b5 axb5 27. Qxb5 Qc8 28. Qc4 Qf5 29. Qb5 Qc8 30. Qb3 Rd7 31. a4 Qa8 32. Qc4 h6 33. Bf4 g5 34. Bg3 Qa6 35. Qxa6 bxa6 36. c6 Rde7 37. d6 cxd6 38. Bxd6 Re6 39. c7 Rc8 40. Rb1 Bf8 41. Rb8 Ree8 42. Rxe4 1-0

[Event "CCT Play-in Chessable Masters 2024"]
[Site "Online"]
[Date "2024.01.31"]
[Round "4"]
[White "Bachmann, Axel"]
[Black "GeorgMeier"]
[Result "0-1"]
[WhiteElo "2578"]
[BlackElo "2672"]
[Annotator "TA"]
[PlyCount "82"]
[EventDate "2024.01.26"]
[EventType "swiss"]
[EventCountry "NET"]
[SourceTitle "playchess.com"]
[Source "ChessBase"]
[SourceQuality "1"]

1. c4 e6 2. Nf3 b6 3. g3 Bb7 4. Bg2 c5 5. O-O Nf6 6. b3 d6 7. Bb2 Nbd7 8. Nc3 a6 9. e3 Be7 10. Qe2 O-O 11. Rad1 b5 12. d4 bxc4 13. bxc4 cxd4 14. exd4 Re8 15. d5 e5 16. Rb1 Nc5 17. Ba3 Nfd7 18. Nd2 Rc8 19. Nde4 Ba8 20. Bh3 Rc7 21. Bxd7 Rxd7 22. Bxc5 dxc5 23. Na4 Qc7 24. Qe3 Rdd8 25. Rfc1 Bf8 26. Nexc5 h6 27. Nxa6 Qa5 28. N6c5 Rc8 29. Rb5 Qa7 30. Rcb1 Bxc5 31. Nxc5 Qxa2 32. Qb3 Qe2 33. Qc3 h5 34. Re1 Qg4 35. Ne4 Red8 36. Rc5 Rxc5 37. Nxc5 Rc8 38. f3 Qg6 39. Rxe5 f6 40. Re1 Rxc5 41. Re8+ Qxe8 0-1

[Event "CCT Play-in Chessable Masters 2024"]
[Site "Online"]
[Date "2024.01.31"]
[Round "4"]
[White "Prohaszka, Peter"]
[Black "Vladimir_Zakhartsov"]
[Result "1-0"]
[WhiteElo "2578"]
[BlackElo "2544"]
[Annotator "RC"]
[PlyCount "105"]
[EventDate "2024.01.26"]
[EventType "swiss"]
[EventCountry "NET"]
[SourceTitle "playchess.com"]
[Source "ChessBase"]
[SourceQuality "1"]

1. d4 Nf6 2. Nf3 c5 3. d5 e6 4. Nc3 d6 5. e4 a6 6. a4 exd5 7. Nxd5 Be7 8. Bf4 O-O 9. Nxe7+ Qxe7 10. Bxd6 Qxe4+ 11. Qe2 Re8 12. Qxe4 Nxe4 13. Bxb8 Ng3+ 14. Be5 Nxh1 15. Be2 Bg4 16. Bc3 b5 17. Bd2 Rad8 18. Be3 Rd6 19. Kf1 Rde6 20. Re1 bxa4 21. Bc4 R6e7 22. Kg1 Rb8 23. b3 Nxf2 24. Kxf2 axb3 25. cxb3 a5 26. Ra1 Be6 27. Bxc5 Ree8 28. Rxa5 Bxc4 29. bxc4 Rb2+ 30. Kg3 Rc2 31. Bd4 f6 32. c5 Ree2 33. Kf4 Rxg2 34. Ke4 h5 35. Kd5 g5 36. c6 g4 37. Rc5 Rxc5+ 38. Bxc5 Ra2 39. c7 Ra8 40. Nd4 h4 41. Nf5 g3 42. hxg3 h3 43. Bg1 Kf7 44. c8=Q Rxc8 45. Nd6+ Kg6 46. Nxc8 Kg5 47. Bh2 Kg4 48. Ke4 f5+ 49. Ke3 Kg5 50. Ne7 Kf6 51. Nd5+ Ke5 52. Nf4 Kf6 53. Nxh3 1-0

[Event "CCT Play-in Chessable Masters 2024"]
[Site "Online"]
[Date "2024.01.31"]
[Round "4"]
[White "baki83"]
[Black "Andreikin, Dmitry"]
[Result "0-1"]
[WhiteElo "2573"]
[BlackElo "2729"]
[Annotator "NA"]
[PlyCount "76"]
[EventDate "2024.01.26"]
[EventType "swiss"]
[EventCountry "NET"]
[SourceTitle "playchess.com"]
[Source "ChessBase"]
[SourceQuality "1"]

1. e4 e5 2. Nf3 Nc6 3. Nc3 Nf6 4. Bb5 Bb4 5. O-O O-O 6. Bxc6 dxc6 7. Nxe5 Bxc3 8. dxc3 Nxe4 9. Qxd8 Rxd8 10. Re1 f6 11. Nd3 Bf5 12. Bf4 Nd6 13. Re7 Rac8 14. Rd1 Kf8 15. Ree1 Nc4 16. Bc1 Kf7 17. f3 h5 18. h4 Bxd3 19. cxd3 Ne5 20. d4 Ng6 21. g3 Rd5 22. Kf2 Rcd8 23. Be3 Ra5 24. a3 Rb5 25. Bc1 Rbd5 26. Be3 Ne7 27. Rd2 c5 28. c4 R5d7 29. d5 b6 30. Rde2 c6 31. dxc6 Nxc6 32. Bf4 Rd3 33. Re3 Rd2+ 34. R3e2 Rxe2+ 35. Rxe2 Na5 36. Rc2 Rd3 37. Be3 Nc6 38. Ke2 Rb3 0-1

[Event "CCT Play-in Chessable Masters 2024"]
[Site "Online"]
[Date "2024.01.31"]
[Round "4"]
[White "GMBenjaminBok"]
[Black "Gadimbayli, Abdulla"]
[Result "1-0"]
[WhiteElo "2572"]
[BlackElo "2489"]
[Annotator "RC"]
[PlyCount "101"]
[EventDate "2024.01.26"]
[EventType "swiss"]
[EventCountry "NET"]
[SourceTitle "playchess.com"]
[Source "ChessBase"]
[SourceQuality "1"]

1. c4 Nf6 2. Nf3 Nc6 3. d4 e6 4. Nc3 Bb4 5. Qc2 O-O 6. Bd2 Re8 7. a3 Bxc3 8. Bxc3 d6 9. e3 e5 10. d5 Ne7 11. Bd3 Ng6 12. O-O c5 13. Nd2 b5 14. b3 Rb8 15. h3 Bd7 16. f4 exf4 17. exf4 Re3 18. Ne4 Nxe4 19. Bxe4 bxc4 20. bxc4 Qh4 21. Bd2 Reb3 22. Rab1 Ba4 23. Rxb3 Rxb3 24. Qc1 h6 25. Be1 Qf6 26. Bc2 Qd4+ 27. Bf2 Qxc4 28. Bxb3 Qxb3 29. Qd2 Ne7 30. Qa5 Nf5 31. Qxa7 Bb5 32. Re1 g6 33. Qa5 Kg7 34. Qd2 Bc4 35. Kh2 Bxd5 36. a4 Ba8 37. a5 Qb7 38. Bg1 Nh4 39. Re2 Kh7 40. Qb2 Qd7 41. Qf6 Bd5 42. Qxh4 Qb5 43. Rd2 Be6 44. Qf2 Qxa5 45. Rxd6 c4 46. Qd4 g5 47. Rxe6 fxe6 48. Qxc4 Qf5 49. Be3 g4 50. Qc7+ Kg6 51. Qe5 1-0

[Event "CCT Play-in Chessable Masters 2024"]
[Site "Online"]
[Date "2024.01.31"]
[Round "4"]
[White "Akobian, Varuzhan"]
[Black "Fernandez, Daniel"]
[Result "1-0"]
[WhiteElo "2571"]
[BlackElo "2424"]
[Annotator "RC"]
[PlyCount "53"]
[EventDate "2024.01.26"]
[EventType "swiss"]
[EventCountry "NET"]
[SourceTitle "playchess.com"]
[Source "ChessBase"]
[SourceQuality "1"]

1. d4 Nf6 2. c4 e6 3. Nf3 d5 4. cxd5 exd5 5. Nc3 c6 6. Qc2 g6 7. Bg5 Be7 8. e3 Bf5 9. Bd3 Bxd3 10. Qxd3 O-O 11. O-O Nbd7 12. Rab1 Ne4 13. Bh6 Re8 14. Nxe4 dxe4 15. Qxe4 Bf8 16. Qf4 Nb6 17. Bxf8 Rxf8 18. Qh6 Qf6 19. e4 Rfe8 20. Rfe1 Rad8 21. Rbd1 Re7 22. h3 a5 23. b3 a4 24. Ng5 Qg7 25. Qh4 Red7 26. e5 axb3 27. e6 1-0